Archívum. Az első kísérlet. Az Averescu-paktum előzményei, megkötésének indokai, szövege, módosításai, következményei, felbomlása és tanulságai
Elmentve itt :
| Szerző: | |
|---|---|
| Adatforrás: | Meister |
| Forrásdokumentuma: | Magyar Kisebbség. - 2-3 sz., 1999, 217-263 p. |
| Nyelv: | magyar |
| Kulcsszavak: | politikatörténet kisebbségtörténet oral-history politikai intézmények csúcsai-paktum Csúcsa GOGA Octavian AVERESCU Alexandru GYÁRFÁS Elemér BERNÁDY György JÓSIKA Sámuel MANIU Iuliu ANGHELESCU Constantin SÁNDOR József UGRON István GRANDPIERRE Emil BRATIANU Ionel GROZA Petru BETHLEN György Magyar Szövetség (MSZ) Magyar Néppárt (MNP) Magyar Nemzeti Párt (NP) Országos Magyar párt (OMP) Román Néppárt (PPR) |
| LEADER | 01260nab a2200397 i 4500 | ||
|---|---|---|---|
| 001 | bibPRO00007325 | ||
| 008 | 060524s1999 xx hun | ||
| 040 | |a Sz1 | ||
| 041 | |a hun | ||
| 100 | 1 | |a GYÁRFÁS Elemér | |
| 245 | 1 | 0 | |a Archívum. Az első kísérlet. Az Averescu-paktum előzményei, megkötésének indokai, szövege, módosításai, következményei, felbomlása és tanulságai |c GYÁRFÁS Elemér |
| 695 | |a politikatörténet | ||
| 695 | |a kisebbségtörténet | ||
| 695 | |a oral-history | ||
| 695 | |a politikai intézmények | ||
| 695 | |a csúcsai-paktum | ||
| 695 | |a Csúcsa | ||
| 695 | |a GOGA Octavian | ||
| 695 | |a AVERESCU Alexandru | ||
| 695 | |a GYÁRFÁS Elemér | ||
| 695 | |a BERNÁDY György | ||
| 695 | |a JÓSIKA Sámuel | ||
| 695 | |a MANIU Iuliu | ||
| 695 | |a ANGHELESCU Constantin | ||
| 695 | |a SÁNDOR József | ||
| 695 | |a UGRON István | ||
| 695 | |a GRANDPIERRE Emil | ||
| 695 | |a BRATIANU Ionel | ||
| 695 | |a GROZA Petru | ||
| 695 | |a BETHLEN György | ||
| 695 | |a Magyar Szövetség (MSZ) | ||
| 695 | |a Magyar Néppárt (MNP) | ||
| 695 | |a Magyar Nemzeti Párt (NP) | ||
| 695 | |a Országos Magyar párt (OMP) | ||
| 695 | |a Román Néppárt (PPR) | ||
| 773 | 0 | |t Magyar Kisebbség. - |g 2-3 sz., 1999, 217-263 p. | |